Normal view
MARC view
- Rijmen, Vincent,
Entry Personal Name
001 - CONTROL NUMBER
- control field: 101003
003 - CONTROL NUMBER IDENTIFIER
- control field: NUST
005 - DATE AND TIME OF LATEST TRANSACTION
- control field: 20221020135811.0
008 - FIXED-LENGTH DATA ELEMENTS
- fixed length control field: 221020|| aca||aabn | a|a d
040 ## - CATALOGING SOURCE
- Original cataloging agency: NUST
- Transcribing agency: NUST
100 ## - HEADING--PERSONAL NAME
- Personal name: Rijmen, Vincent,
- Dates associated with a name: 1970-
670 ## - SOURCE DATA FOUND
- Source citation: Work cat.: (NUST)179943: Daemen, Joan, 101001, The design of Rijndael :, c2002.
